ARRUPE JESUIT UNIVERSITY

CORONAVIRUS -STOP THE SPREAD - CLEAN,DISINFECT,COVER
Normal view MARC view

Entry Geographic Name

Number of records used in: 8

001 - CONTROL NUMBER

  • control field: 11114

003 - CONTROL NUMBER IDENTIFIER

  • control field: ARRUPE

005 - DATE AND TIME OF LATEST TRANSACTION

  • control field: 20140908141953.0

008 - FIXED-LENGTH DATA ELEMENTS

  • fixed length control field: 140908|| aca||aabn | a|a d

040 ## - CATALOGING SOURCE

  • Original cataloging agency: ARRUPE
  • Transcribing agency: ARRUPE

151 ## - HEADING--GEOGRAPHIC NAME

  • Geographic name: Zimbabwe
  • General subdivision: Social conditions.

670 ## - SOURCE DATA FOUND

  • Source citation: Work cat.: (ARRUPE)0: Buckle, Catherine. 11111, Can you hear the drums? :, 2013

 

Arrupe Library. PO Box MP320 Mt Pleasant, Harare, Zimbabwe
263 242 745411|librarian@aju.ac.zw